| 000 | 00563nam a2200169 i 4500 | ||
|---|---|---|---|
| 001 | 58075 | ||
| 003 | ES-MaACL | ||
| 007 | t| | ||
| 008 | 031020s1911 fr ||||1| fre d | ||
| 100 | 1 |
_aDupré, Ernest. _946118 |
|
| 245 | 1 | 3 |
_aLe language musical _b: etude medico psycologique / _cpar Ernest Dupre, Marcel Nathan ; preface des Charles Malherbe. |
| 260 |
_aParís : _b[s.n., _c1911] ( _eCoulommiers : _fImp. Paul Brodard) |
||
| 300 |
_a197 p. ; _c22 cm. |
||
| 700 | 1 |
_aNathan, Marcel. _984992 |
|
| 700 | 1 |
_aMalherbe, Charles. _975769 |
|
| 852 |
_aES-MaACL _jB-6354 |
||
| 999 |
_c58075 _d58075 |
||